| 000 | 00988nam a22003017a 4500 | ||
|---|---|---|---|
| 999 |
_c29428 _d29399 |
||
| 003 | EG-ScBUE | ||
| 005 | 20210920130432.0 | ||
| 008 | 200219r20102007enk f 000 0 eng d | ||
| 020 | _a9780194569514 | ||
| 040 |
_aEG-ScBUE _beng _erda _cEG-ScBUE _dEG-ScBUE |
||
| 082 | 0 | 4 |
_a808.0666 _bBON _222 |
| 100 | 1 |
_aBonamy, David, _eauthor. |
|
| 245 | 1 | 0 |
_aTechnology. _n1, _pTeacher's resource book / _cDavid Bonamy ; with additional material by Norman Glendinning. |
| 246 | 3 | 3 | _aTeacher's resource book |
| 250 | _aReprinted edition. | ||
| 264 | 1 |
_aOxford: _bOxford university press , _c2010. |
|
| 300 |
_a104 pages : _c28 cm. |
||
| 336 |
_2rdacontent _atext _btxt |
||
| 337 |
_2rdamedia _aunmediated _bn |
||
| 338 |
_2rdacarrier _avolume _bnc |
||
| 490 | 0 | _aOxford English for careers | |
| 650 | 7 |
_aTechnology. _2BUEsh |
|
| 653 |
_aBUEsh _cSeptember2021 _bHHUUEENN |
||
| 655 |
_vReading book _934232 |
||
| 700 | 1 |
_aGlendinning, Norman, _econtributor. |
|
| 942 |
_2ddc _cBB |
||